Yale Human Rights and Development Law Journal

Bibliographic Details
Format: eBook
Language:English
Published: New Haven: Yale Human Rights & Development Law Journal, 2002 -
Subjects:
Online Access:Acceso restringido

MARC

LEADER 00000nam a22000007a 4500
005 2019092609359.0
007 cr|||| ||||
008 190926c20029999us ar|w s|||| 0|||b1eng d
022 |a 1548-2596 
035 |a 5717 
040 |a vLex 
090 |c 9645  |d 9645 
245 0 0 |a Yale Human Rights and Development Law Journal  |h [Recurso electrn̤ico] / 
256 |a Servicio en ln̕ea 
260 |a New Haven:  |b Yale Human Rights & Development Law Journal,  |c 2002 - 
300 |a 1 recurso electrn̤ico 
310 |a Anual 
506 1 |a Disponible solo en los productos indicados  |d vLex Global  |d vLex Global (Academic Edition, excluding Law Schools)  |d vLex Global (Academic Edition, Law Schools) 
650 0 4 |a Derecho Constitucional  |z Estados Unidos 
650 0 4 |a Derecho Pb︢lico y Administrativo  |z Estados Unidos 
740 0 |a vLex Revistas (Servicio en ln̕ea) 
856 4 0 |u http://vlex.com/source/yale-human-rights-development-law-journal-5717  |z Acceso restringido 
942 |c REV 
999 0 |a Constitutional Law 
999 0 |a Public and Administrative Law